000 00531nam a22002297a 4500
003 UA-OsUOA
001 51747
007 ta
008 20080122b un ||||| |||| 00| 0 ukr d
100 _aAnnual N.
090 _a22(111)
942 _cBK
040 _aUA-OsUOA
_beng
_cUA-OsUOA
_dUA-OsUOA
245 _aYouth Ministry sourcebook
300 _a410 с.
955 _a3
041 _aeng
080 _a22(111)
260 _aNew-Yourk
_c2004
650 7 _a22 Біблія. Святе писання
_2UDC
999 _c337833
_d337833